Szczegóły MARC21

Les proverbes anglais /

003 -Nazwa inst., której nr kontr. jest w polu 001 [,]
    • @
    • Nazwa instytucji, której n kontrolny jest w polu 001
    • NUKAT
005 -DATA I CZAS OSTATNIEJ MODYFIKACJI [,]
    • @
    • pole kontrolne
    • 20241231111215.0
020 -Międzynarod. znormalizowany nr książki - ISBN [ , ]
    • a
    • Numer ISBN
    • 8374413948 Find
020 -Międzynarod. znormalizowany nr książki - ISBN [ , ]
    • a
    • Numer ISBN
    • 9788374413947 Find
040 -Instytucja sporządzająca opis [ , ]
    • a
    • Instytucja, która sporządziła opis (NP)
    • WA M/MM
    • c
    • Instytucja, która sporządziła rekord (NP)
    • WA M/MM
    • d
    • Instytucja, która zmodyfikowała rekord (P)
    • WA M/GM
    • d
    • Instytucja, która zmodyfikowała rekord (P)
    • WA U/JSs
041 -Język dokumentu [0, ]
    • a
    • Język tekstu (P)
    • francuski
    • a
    • Język tekstu (P)
    • angielski
942 -Rodzaj dokumentu [ , ]
    • c
    • Rodzaj dokumentu
    • Książka
100 -Hasło główne - nazwa osobowa [1, ]
    • a
    • Nazwa osobowa (NP)
    • Fuller, Roy
    • d
    • Daty biograficzne (NP)
    • (1912-1991).
    • 9
    • KHW
    • 53880
245 -Strefa tytułu i oznaczenia odpowiedzialności [1,4]
    • a
    • Tytuł
    • Les proverbes anglais / Find
    • c
    • Pozostałe elementy strefy tytułu i oznaczenia odpowiedzialności (NP)
    • Roy Fuller.
260 -Strefa adresu wydawniczego [ , ]
    • a
    • Miejsce wydania (P)
    • Toruń :
    • b
    • Nazwa wydawcy (P)
    • Wydawnictwo Adam Marszałek,
    • c
    • Data wydania (P)
    • cop. 2006.
300 -Strefa opisu fizycznego [ , ]
    • a
    • Określenie formy książki i/lub objętość (NP)
    • 403 s. ;
    • c
    • Format (NP)
    • 21 cm.
336 -Typ zawartości [ , ]
    • a
    • Termin opisujący typ zawartości
    • Tekst
    • b
    • Kod określający zawartość
    • txt
    • 2
    • Źródło (terminu i kodu)
    • rdacontent
337 -Typ mediów [ , ]
    • a
    • Tryb odtwarzania
    • Bez urządzenia pośredniczącego
    • b
    • Kod typu mediów
    • n
    • 2
    • Źródło (terminu i kodu)
    • rdamedia
338 -Typ/rodzaj nośnika [ , ]
    • a
    • Hasło opisujące typ nośnika
    • Wolumin
    • b
    • Kod typu nośnika
    • nc
    • 2
    • Źródło (terminu i kodu)
    • rdacarrier
490 -Strefa serii i książki wielotomowej - forma nie do wyszukiwania [1, ]
    • a
    • Tytuł (P)
    • Canadiana Find
830 -Hasło dodatkowe serii i opisu książki wielotomowej - tytuł ujednolicony/tytuł [ ,0]
    • a
    • Tytuł ujednolicony/tytuł (NP)
    • Canadiana
    • 9
    • KHW
    • 18460
500 -Uwaga ogólna [ , ]
    • a
    • Uwaga ogólna (NP)
    • Wstęp także pol.
504 -Uwaga dot. bibliogr. załącznikowej [ , ]
    • a
    • Uwaga dot. bibliografii załącznikowej
    • Bibliogr. s. 30-31. Indeks.
080 -Uniwersalna Klasyfikacja Dziesiętna [ , ]
    • 2
    • Identyfikator wydania tablic
    • UDC-P058
    • 9
    • UKD
    • 53535
    • a
    • Symbol klasyfikacji
    • 821.111-84
    • b
    • Dopowiedzenie
    • Literatura angielska. - Aforyzmy. Przysłowia. Złote myśli. Przypowieści. Cytaty.
    • 4
    • UKD2
    • 7644
    • x
    • Poddział wspólny
    • =111
    • c
    • Dopowiedzenie poddz. wspólnego
    • =Język angielski.
    • 4
    • UKD2
    • 7653
    • x
    • Poddział wspólny
    • =133.1
    • c
    • Dopowiedzenie poddz. wspólnego
    • =Język francuski.
080 -Uniwersalna Klasyfikacja Dziesiętna [ , ]
    • 2
    • Identyfikator wydania tablic
    • UDC-P058
    • 9
    • UKD
    • 53537
    • a
    • Symbol klasyfikacji
    • 821.133.1-84
    • b
    • Dopowiedzenie
    • Literatura francuska. - Aforyzmy. Przysłowia. Złote myśli. Przypowieści. Cytaty.
    • 4
    • UKD2
    • 7644
    • x
    • Poddział wspólny
    • =111
    • c
    • Dopowiedzenie poddz. wspólnego
    • =Język angielski.
    • 4
    • UKD2
    • 7653
    • x
    • Poddział wspólny
    • =133.1
    • c
    • Dopowiedzenie poddz. wspólnego
    • =Język francuski.
650 -Hasło przedmiotowe [ ,7]
    • a
    • Hasło przedmiotowe
    • Przysłowia angielskie
    • x
    • Określnik rzeczowy
    • historia i krytyka.
    • 2
    • Źródło terminu
    • kaba
    • 9
    • KHW
    • 375558
650 -Hasło przedmiotowe [ ,7]
    • a
    • Hasło przedmiotowe
    • Przysłowia angielskie
    • v
    • Określnik formalny
    • słowniki francuskie.
    • 2
    • Źródło terminu
    • kaba
    • 9
    • KHW
    • 375559
980 -Symbol UKD [ , ]
    • a
    • UKD
    • 821.111-84:821.133.1-84]=111=133.1
710 -Hasło dodatkowe - nazwa ciała zbiorowego [2, ]
    • a
    • Nazwa ciała zbiorowego lub nazwa geograficzna jako pierwszy element (NP)
    • Wydawnictwo Adam Marszałek.
    • 4
    • Kod relacji
    • pbl
    • 9
    • KHW
    • 53600
920 -ISBN [ , ]
    • a
    • ISBN
    • 83-7441-394-8 Find
920 -ISBN [ , ]
    • a
    • ISBN
    • 978-83-7441-394-7 Find
Data inwentaryzacji Lokalizacja Status udost. Numer inwentarzowy Sygnatura
2013-03-21BM1A.9188ANG. Kultura Kanady 16